00986pam a2200265 a 45000010008000000030004000080050017000120080041000290100017000700200018000870400018001050420009001230500024001320820022001561000035001782450081002132600051002943000026003455200255003715210007006265260008006336500023006416500028006646500028006923368677OSt20140408085005.0870929s1988 nyua j 000 1 eng  a 87027556  a9780525463467 aDLCcDLCdDLC alcac00aPZ 7b.G2933My 195900aGS 813 bG29 19881 aGeorge, Jean Craighead,d1919-10aMy side of the mountain /cwritten and illustrated by Jean Craighead George. aNew York : bDutton Children's Books, cc1959. axii, 177 p. :c21 cm. aA young boy relates his adventures during the year he spends living alone in the Catskill mountains, including his struggle for survival, his dependance on nature, his animal friends, and his ultimate realization that he needs human companionship.  aG6 c810 1aSurvivalxFiction. 1aSelf-reliancexFiction. 1aMountain lifexFiction.